Responses for Show #8767 - Tuesday, December 20, 2022

Ray Lalonde game 4.

Contestants

[<< previous game]

Jason Radalin, a professor from Johnstown, New York

Kim Aagaard, a project manager from Washington, D.C.

Ray Lalonde, a scenic artist from Toronto, Ontario, Canada (whose 3-day cash winnings total $84,800)

[next game >>]

Jeopardy! Round responses

FROM THE PRESIDENT'S MEMOIRS
THE BUTTERFLY EFFECT
WHAT A STEAL!
SPORTS FRANCHISES' PREVIOUS HOMES
(Ken: You'll have to name the most recent city where these teams were located before a move.)
CONTRACTIONS
DR. SEUSS BAKING CHALLENGE
(Tamera: I'm Tamera Mowry. We've all grown up with Dr. Seuss; let's see if you know which stories we've made edible on The Dr. Seuss Baking Challenge.)
    $200 21
LBJ (Lyndon Johnson)

Triple Stumper
    $200 25
Florida

Kim
    $200 11
Wisconsin

Ray
    $200 5
Brooklyn

Jason
    $200 23
y'all

Ray
    $200 8
(Ken: You got it and you can see the many cake creations of The Dr. Seuss Baking Challenge streaming now on Prime Video.)

Green Eggs and Ham

Kim
    $400 22
(Ray: Who is Lincoln?)

Ulysses S. Grant

Ray
Triple Stumper
    $400 26
(Ray: What is the pupa?)

the larva

Ray
Triple Stumper
    $400 12
Albert Einstein

Ray
    $400 6
Baltimore

Ray
    $400 24
ain't

Ray
    $400 7
The Cat in the Hat

Ray
    $600 28
Nixon

Ray
    $600 27
All Quiet on the Western Front

Ray
    $600 13
Magic Johnson

Jason
    $600 14
St. Louis

Jason
    $600 10
'Twas

Ray
    $600 1
(Jason: Who is the Grinch?)
(Ken: No.)
(Jason: What is [*]?)

How the Grinch Stole Christmas

RayJason
    $1,000 29
(Ken: Spanish-American War, yes.)

Teddy Roosevelt

Ray
    $800 19
(Ken: [*], yeah, we'll give it to you.)

(Imelda) Marcos

Jason
    $800 16
the Hole-in-the-Wall Gang (the Wild Bunch)

Ray
    $800 15
(Ken: Yes, the former Nordiques.)

Quebec City

Ray
    $800 9
(Ken: That's how we get [*] from captain.)

cap'n

Triple Stumper
    $800 2
(Jason: What is What Color Is Your Parachute??)

Oh, the Places You'll Go!

RayJason
    $1000 30
Buchanan

Kim
    $1000 18
Madame Butterfly

Kim
    $1000 17
(Ray: Who is Bruegel?)

Rembrandt

RayKim
    $1000 20
(Jason: What is Boston?)
...
(Ken: They were in Boston, but they came...)
(Jason: [*].)
(Ken: Directly from [*], yes.)

Milwaukee

Jason
Triple Stumper
    $1000 4
(Ken: [*] Well That Ends Well, very good.)

All's

Jason
    $1000 3
The Lorax

Kim

Scores at the first commercial break (after clue 15):

Ray Kim Jason
$4,200 $1,200 $1,000

Scores at the end of the Jeopardy! Round:

Ray Kim Jason
$6,000 $4,400 $800

Double Jeopardy! Round responses

MYTHOLOGY
SOUTH AMERICA THE BEAUTIFUL
PLANET FEATURES
RECAST FOR TV
(Ken: You'll have to name the character who is in a movie, then a TV show.)
WORDS WITH GREEK LETTERS
(Ken: For example, "achieve" contains C-H-I, "chi".)
"OO", SORRY
    $400 9
Pegasus

Jason
    $400 29
the Inca

Kim
    $400 18
Mercury

Jason
    $400 10
Buffy the Vampire Slayer

Kim
    $400 12
pieta (pi & eta)

Jason
    $400 30
baboon

Jason
    $800 6
(Jason: What is [**]?)
[Ruled incorrect; changed to correct when the last Daily Double was found]

the double flute (an aulos)

Jason
    $800 28
Angel Falls

Ray
    $800 19
(Ray: What is lava?)
...
(Ken: [*] because it was beneath the surface.)

magma

RayKim
    $800 3
(Ken: That's right, M*A*S*H.)

Hawkeye Pierce

Ray
    $800 13
alphanumeric (alpha & nu)

Kim
    $800 21
tattoos

Triple Stumper
    $1200 5
Dionysus

Jason
    $1200 23
rainbow

Ray
    $4,500 27
hydrogen & helium

Ray
    $1200 2
(Ken: Yes, The Odd Couple.)

Felix Unger

Jason
    $1200 14
taunt (tau)

Triple Stumper
    $1200 16
an alley-oop

Kim
    $1600 7
Circe

Kim
    $1600 22
Quito

Kim
    $1600 25
Saturn

Ray
    $1600 1
(Ken: Yes, One Flew Over the Cuckoo's Nest.)

Nurse Ratched

Jason
    $1600 17
cirrhosis (rho)

Jason
    $1600 15
a babymoon

Kim
    $2,000 8
the Hydra & Cerberus

Kim
    $2000 24
Chile

Ray
    $2000 26
methane

Ray
    $2000 4
Nikita

Ray
    $2000 20
solipsism (psi)

Triple Stumper
    $2000 11
toothsome

Jason

Scores at the end of the Double Jeopardy! Round:

Ray Kim Jason
$20,100 $14,800 $10,800

[wagering suggestions for these scores]

Final Jeopardy! Round responses

CLASSIC SONGS
(Ken: [To Kim] That is something a kid could yell at a parade.)
...
(Ken: [To Ray] You're the closest of the three.)
(Ray: I know what it is now.)
(Ken: What is it?)
(Ray: [Singing] [*].)
(Ken: The kids were saying [*]...)
(Ray: Yep.)
(Ken: ...and songwriter Gene Autry was inspired to write the song, that's correct.)
JasonWhat is jingle bells?
$10,000
KimWhat is Let It Snow, Let It Snow, Let It Snow?
$5,000
RayWhat is Santa Claus Is Coming To Town
$9,600
"Here Comes Santa Claus"

Final scores:

Ray Kim Jason
$10,500 $9,800 $800
4-day champion: $95,300 2nd place: $2,000 3rd place: $1,000

Game dynamics:

Coryat scores:

Ray Kim Jason
$16,600 $14,800 $10,800
22 R
(including 2 DDs),
4 W
15 R
(including 1 DD),
0 W
15 R,
3 W

Combined Coryat: $42,200

[game clues] [game scores] [suggest correction]

Game tape date: 2022-10-25
The J! Archive is created by fans, for fans. Scraping, republication, monetization, and malicious use prohibited; this site may use cookies and collect identifying information. See terms. The Jeopardy! game show and all elements thereof, including but not limited to copyright and trademark thereto, are the property of Jeopardy Productions, Inc. and are protected under law. This website is not affiliated with, sponsored by, or operated by Jeopardy Productions, Inc. Join the discussion at JBoard.tv.